000 01233nam0a22002891 4500
001 rc\4314516
005 20250611153802.0
021 _aRU
_b67-88129
021 _aRU
_bРг10838-67
035 _a(NLR Aleph) 008262139
090 _a8403772
_c8403772
100 _a20130416d1967 |||y0rusy50 ca
101 0 _arus
102 _aRU
105 _aa z |||||
200 1 _aОценка вероятности расчетного расхода воды
_fИ. Ван-дер-Маде
_gОрганизация Объед. Наций по вопросам образования, науки и культуры. Междунар. симпозиум по паводкам и их расчетам. 15-22 авт. 1967. Ленинград
210 _aЛенинград
_cб. и.
_d1967
215 _a[1], 11, [5] с.
_cил.
_d25
300 _aОтпеч. множит. аппаратом
700 1 _aВан-дер-Маде
_bИ.
711 1 2 _aМеждународный симпозиум по паводкам и их расчетам
_eЛенинград
_f1967
_9637490
_3RU\NLR\AUTH\880488549
801 0 _aRU
_bNLR
_gpsbo
801 1 _aRU
_bELAR
_2rusmarc
852 _aNLR
_j67-7/2318
942 _cBOOK
980 _aNB